Statistics for "Hey Jude" Lyrics Quiz

Click here to take the quiz!

General Stats

  • This quiz has been taken 3,232 times
  • The average score is 17 of 26

Answer Stats

HintAnswer% Correct
take a ___ ____ and make it better.sad song
98%
hey jude, dont make __ ___.it bad
90%
Remember to let her ____ ____ _____ | remember to let her ____ ____ _____into your heart
90%
you were made to go out and ___ ___get her
88%
Then you ___ _____ to make it better. | then you ___ _____ to make it bettercan start
87%
Hey Jude, don't __ ______be afraid
81%
then you _____ to make it better.begin
81%
remember to let her ____ ____ _____ | the minute you let her _____ ____ ____under your skin
78%
don't _____ ___ _____ upon your shoulderscarry the world
67%
and anytime you ____ ___ ____, hey jude, refrainfeel the pain
62%
for well you know that __'_ _ ____ who plays it coolit's a fool
60%
by making his world a ______ ______little colder
59%
Nah nah nah nah nah nah, nah nah nah, ___ ____Hey Jude
59%
______ better better better better better, oh.better
52%
you ____ _____ ___, now go and get herhave found her
44%
Hey jude, don't ___ __ ____.let me down
39%
So ___ __ ___ ___ ___ __ __, hey jude, begin,let it out and let it in
34%
then you _____ __ ____ __begin to make it
32%
Youre waiting for someone to _______ ____.perform with
29%
The ________ ___ ____ is on your shoulder.movement you need
18%
And don't you know that it's ____ ___, hey jude, ___'__ __,just you, you'll do
17%

Score Distribution

Percentile by Number Answered

Percent of People with Each Score

Your Score History

You have not taken this quiz